| 000 | 00713nam a22002295a 4500 | ||
|---|---|---|---|
| 005 | 20180121122850.0 | ||
| 008 | 171218t1959 nyua frb 001 0 eng d | ||
| 020 | _a9780486605418 | ||
| 020 | _a0486605418 | ||
| 040 |
_aEG-ScBUE _beng _cEG-ScBUE _dEG-ScBUE |
||
| 082 | 0 | 4 |
_222 _a629.1323 _bVON |
| 100 | 1 |
_aVon Mises, Richard, _d1883-1953 |
|
| 245 | 1 | 0 |
_aTheory of flight / _cRichard Von Mises. |
| 260 |
_aNew York : _bDover Publications, _cc.1959. |
||
| 300 |
_axvi, 629 p. : _bill. : _c18 cm. |
||
| 504 | _aIncludes bibliographical references and index. | ||
| 650 | 7 |
_2BUEsh _96451 _aAerodynamics. |
|
| 650 | 7 |
_aAirplanes. _2BUEsh |
|
| 651 | _2BUEsh | ||
| 653 |
_bGGEN _cDecember2017 _cJanuary2018 |
||
| 942 | _2ddc | ||
| 999 |
_c25719 _d25691 |
||